Profesia - strategický manažér. 3 Škola strategického manažmentu
Strategické riadenie a subsystém základnej stratégie, obchodnej stratégie a funkčnej stratégie. Typy osobností strategických manažérov - podnikateľ, manažér, vodca, architekt, koordinátor a inštruktor. Vrcholoví strategickí manažéri. Vzdelávanie na Harvarde.
Enregistré dans:
| Auteur principal: | |
|---|---|
| Format: | Chapitre de livre |
| Langue: | slovaque |
| Sujets: | |
| Tags: |
Pas de tags, Soyez le premier à ajouter un tag!
|
MARC
| LEADER | 00000naa a2200000 4500 | ||
|---|---|---|---|
| 001 | r014322 | ||
| 005 | 20221213123311.2 | ||
| 041 | 0 | |a slo | |
| 044 | |a SK | ||
| 245 | 1 | 0 | |a Profesia - strategický manažér. 3 |b Škola strategického manažmentu |c Miroslav Tuma |
| 520 | |a Strategické riadenie a subsystém základnej stratégie, obchodnej stratégie a funkčnej stratégie. Typy osobností strategických manažérov - podnikateľ, manažér, vodca, architekt, koordinátor a inštruktor. Vrcholoví strategickí manažéri. Vzdelávanie na Harvarde. | ||
| 610 | 2 | 0 | |a riadenie strategické |
| 610 | 2 | 0 | |a manažéri |
| 610 | 2 | 0 | |a manažment |
| 610 | 2 | 0 | |a stratégia podniková |
| 610 | 2 | 0 | |a riadenie podnikové |
| 610 | 2 | 0 | |a rozhodovanie strategické |
| 610 | 2 | 0 | |a vzdelávanie |
| 100 | 1 | |a Tuma, Miroslav | |